Who Wrote That? #24 - Statistics

General Stats
  • This quiz has been taken 25 times
  • The average score is 4 of 10
Answer Stats
Hint Explanation Answer % Correct
“Listen, my children, and you shall hear
Of the midnight ride of Paul Revere,
On the eighteenth of April, in Seventy-Five:
Hardly a man is now alive
Who remembers that famous day and year.”
“Paul Revere’s Ride” Henry Wadsworth Longfellow
75%
“It’s no use going back to yesterday because I was a different person then.” Alice’s Adventures in Wonderland Lewis Carroll
63%
“I'm Nobody! Who are you?
Are you - Nobody - too?
Then there's a pair of us!
Don't tell! they'd advertise - you know!

How dreary - to be - Somebody!
How public - like a Frog -
To tell one's name - the livelong June -
To an admiring Bog!”
“I'm Nobody! Who are you?” Emily Dickinson
50%
“Names are not important. It’s what lies inside of you that matters.” Throne of Glass Sarah J. Maas
31%
“I am not pretty. I am not beautiful. I am as radiant as the sun.” The Hunger Games Suzanne Collins
31%
“Becoming fearless isn’t the point. That’s impossible. It’s learning how to control your fear, and how to be free from it.” Divergent Veronica Roth
31%
“When given the choice between being right or being kind, choose kind.” Wonder R. J. Palacio
25%
“People aren’t born good or bad. Maybe they’re born with tendencies either way, but it’s the way you live your life that matters.” City of Glass Cassandra Clare
19%
“If my life is going to mean anything, I have to live it myself.” Percy Jackson and the Lightning Thief Rick Riordan
13%
“I know you aren’t perfect. But it’s a person’s imperfections that make them perfect for someone else.” Lola and the Boy Next Door Stephanie Perkins
13%
No matching quizzes found
Score Distribution
Percent of People with Each Score
Percentile by Number Answered
Your Score History
You have not taken this quiz